000 00762nam a2200253Ia 4500
003 OSt
005 20221005061623.0
006 a|||||r|||| 00| 0
007 ta
008 221004b |||||||| |||| 00| 0 eng d
020 _a9780415601917 (pbk)
_c2559.55
024 _a104946
037 _b10-11050, 14/03/2011, Atlantic Publisher & Dist. Pvt Ltd.
_cTextual
040 _aCRL
_cCRL
_beng
041 _2eng
_aeng
082 _aV1(Q7).P1, Q0
100 _aRippin Andrew
245 0 _aIslamic world
260 _aLondon
_bRoutledge UK
_c2010
300 _axx, 678p.
_ccm.
650 _aHISTORY
942 _hV1(Q7).P1, Q0
_cTEXL
_2cc
999 _c968430
_d968430